| 000 | 00549nam a2200181 a 4500 | ||
|---|---|---|---|
| 005 | 20140414132054.0 | ||
| 008 | 121024s19uu xx 00 eng d | ||
| 020 | _a1579545858 | ||
| 050 |
_aTR 649.1 _bP478 2002 |
||
| 100 | _aPeters, Ruth | ||
| 245 |
_aLaying down the law: _bthe 25 laws of parenting to keep your kids on track,out of trouble and (pretty much) under control. |
||
| 260 |
_aU.S.A : _bRODALE, _c2002. |
||
| 300 | _a230 | ||
| 650 | _aParenting. | ||
| 650 | _aChild rearing. | ||
| 650 | _aDiscipline of children. | ||
| 999 |
_c114259 _d114259 |
||